| 000 | 01068nam a2200217Ia 4500 | ||
|---|---|---|---|
| 003 | Ost | ||
| 005 | 20260507075635.0 | ||
| 008 | 260507s9999||||xx |||||||||||||| ||und|| | ||
| 040 | _cfsecg | ||
| 041 | _aara | ||
| 082 | _a657.7 | ||
| 100 |
_aعبد العال، أحمد رجب _eمؤلف |
||
| 245 | 0 |
_aالمحاسبة في شركات الأشخاص / _c أحمد رجب عبد العال |
|
| 260 |
_aالإسكندرية: _bدار الجامعة الجديدة, _c2002 |
||
| 300 |
_a411 صفحة؛ _bإيضاحات ؛ _c24 سم |
||
| 520 | _aالمدخل النظري للمحاسبة في شركات الأشخاص- تسجيل حصص محاسب رأسمال الشركات- قياس وتوزيع الأرباح والخسائر- تعديل عقد الشركة- انفصال شريك أصلي- التعين الفوري لشركات التضامن - الإندماج لشركات التضامن | ||
| 653 | _aالمحاسبة | ||
| 653 | _aشركات الأشخاص | ||
| 700 |
_aشحاتة، أحمد بسيوني _eمؤلف ثانوي |
||
| 942 | _cكتاب | ||
| 999 |
_c45287 _d45287 |
||